000 00666nam a22001937a 4500
003 LK-CoMWRAF
008 231224b2008 |||||||| |||| 00| 0 eng d
020 _a9789556650242
040 _aLK-CoMWRAF
_dLK-CoMWRAF
_eLK-CoMWRAF
041 _aeng
082 _a303.66
_bSTO
111 _aA SEMINAR ON THE STORY OF ACEH: INSIGHTS
_c( Colombo
_dDecember 2007)
245 _aThe story of Aceh:
_b insights
260 _aColombo:
_bVijitha Yapa Publications,
_c2008
300 _ax, 182 p., [8] p. of plates : col. ill., maps ; 22 cm.
_b1 CD-ROM (4 3/4 in.)
650 _a Peace-building--Indonesia--Aceh--Congresses.
700 _aMohamed-Saleem, Amjad
_eed.
942 _cCP
999 _c4554
_d4554